| 000 | 00788cab a2200253 4500 | ||
|---|---|---|---|
| 001 | WB3328-13 | ||
| 008 | 090401t1997 xxu||||| |||| 00| 0 eng d | ||
| 035 | _a(Sirsi) u79657 | ||
| 041 | _aeng | ||
| 245 | _aRegent street for sale | ||
| 260 | _c1997 | ||
| 350 | _a0 | ||
| 490 |
_aIndependent on Sunday _v13 July 1997, B1(1) |
||
| 520 | _aThe government is considering selling off large parts of the Crown Estate as part of a privitisation programme. Properties would include retail and office holdings on Regent Street and in Kensington. | ||
| 650 | _aASSET SALES | ||
| 650 | _aCROWN ESTATE | ||
| 650 | _aFINANCES | ||
| 650 | _aLONDON | ||
| 650 | _aPRIVATISATION | ||
| 650 | _aSTATE ASSETS | ||
| 690 | _aPROPERTY-COMMERCIAL PROPERTY | ||
| 942 | _n0 | ||
| 948 | _c16/07/1997 | ||
| 999 |
_c50101 _d50101 |
||